Statystyki dla Co to za raper?

Kliknij tutaj aby rozwiązać quiz!

Ogólne statystyki

  • Ten quiz został rozwiązany 2 536 razy
  • Średni wynik to 5 z 11

Statystyki odpowiedzi

TekstRaper% Poprawnych
Łowiłem ryby w Tibii, grałem w 1.6. W tamtych czasach dziewczyny mówiły mi że jestem beBedoes
84%
Wkładam zblazowany moje hypervenom Obok sztuka jak z reklamy Kinder BuenoQuebonafide
83%
Podejście wciąż niezmienne, między nami ściana Na blokach mamy plemię, a każdy z nas to szaman szaman!Paluch
79%
Palę mosty jakbym był piromanemPezet
45%
Paranoje takie, że wstyd ze mną wyjść do ludzi, chłopie Jak nie gubić się w tym świecie, jak się gubię sam po drodze? I mam ciągle jakieś wczuty o których wstyd mówić głośnoSzpaku
41%
Gdy wydarzy sie incydent to pojawia się konfident Dzwoni 997 i wszystkich sprzedajePeja
40%
Trudno tutaj nie zwariować Gdy pod domem stoi taki wóz, ej Weź ty typie lepiej popatrz Bo ja kiedyś też nie miałem nicYoung Multi
38%
Kiedy pu-puszczają leki, to się za-zaczynam jąkać Miałem ziomka na ośce co mu w bani padł bezpiecznikSłoń
36%
Dzisiaj jak czegoś nie zrobię no to nie wytrzymam, zamieniłem wszystkie fobie na to, że sie spinamŻabson
32%
I czuje się jak ksiądz, kiedy proch zamieniam w sos Bo tu trafiony los jest rzadziej, niż raz na stoMalik Montana
28%
Odebrałaś mi umysł, upozorowana prawda Z tobą odwiedzałem chmury myśląc o podróży w gwiazdachO.S.T.R
11%

Rozkład punktacji

Percentyl według liczby udzielonych odpowiedzi

Procent ludzi z każdym wynikiem

Twoja historia wyników

Nie rozwiązałeś tego quizu